La Drôme en images - Statistiques

Statistiques générales
  • Ce quiz a été pris 322 fois
  • Le résultat moyen est 9 sur 18
Statistiques - réponses
Par images Hint Réponse % Correct
Spécialité Nougat
97%
Ville Valence
90%
Cours d'eau Rhône
86%
Monument Palais idéal du facteur Cheval
72%
Sportif Sébastien Chabal
72%
Massif des Préalpes Vercors
58%
Ancienne province Dauphiné
56%
Donjon Tour de {Crest}
50%
Cours d'eau Isère
49%
Spécialité Lunette de Romans
48%
Village historique Grignan
36%
Ville Montélimar
33%
Président français Emile Loubet
26%
Ville Nyons
24%
Vin Clairette de Die
22%
Ecrivain René Barjavel
16%
Région naturelle Baronnies
13%
Petit village Rochefourchat
11%
Aucun quiz correspondant
Distribution des résultats
% des personnes avec chaque résultat
Percentile par nombre de réponses
Votre historique - résultats
Vous n’avez pas pris ce quiz